[Event "LSS WC-2009-S-00008"]
[Site "LSS email"]
[Date "2006.09.06"]
[Round "?"]
[White "Skorna, Ullrich"]
[Black "Savchak, Oleg"]
[Result "1-0"]
[WhiteElo "2188"]
[BlackElo "2342"]
[PlyCount "29"]
[EventDate "2006.09.06"]
[EventType "tourn (corr)"]
[EventRounds "10"]
[EventCountry "GER"]
[SourceTitle "Corr 2015"]
[Source "ChessBase"]
[SourceDate "2015.07.17"]
[SourceVersion "1"]
[SourceVersionDate "2015.07.17"]
[SourceQuality "1"]

1. e4 e5 2. Nf3 Nc6 3. Bb5 a6 4. Ba4 Nf6 5. 0-0 Be7 6. Re1 b5 7. Bb3 0-0 8. h3 Bb7 9. d3 Re8 10. a4 h6 11. Nc3 b4 12. Nd5 Bc5 13. a5 Nxd5 14. Bxd5 Rb8 15. c3 1-0

[Event "IECG ST.2006.0.00002 email"]
[Site "IECG email"]
[Date "2006.04.15"]
[Round "?"]
[White "Mantovanelli, Marco"]
[Black "Savchak, Oleg"]
[Result "1-0"]
[WhiteElo "2411"]
[BlackElo "2364"]
[PlyCount "31"]
[EventDate "2006.04.15"]
[EventType "tourn (corr)"]
[EventRounds "6"]
[SourceTitle "Corr 2008"]
[Source "ChessBase"]
[SourceDate "2008.06.24"]
[SourceVersion "1"]
[SourceVersionDate "2008.06.24"]
[SourceQuality "1"]

1. d4 Nf6 2. c4 g6 3. Nc3 Bg7 4. e4 d6 5. Nf3 0-0 6. Be2 e5 7. dxe5 dxe5 8. Qxd8 Rxd8 9. Bg5 Re8 10. a3 c6 11. Be3 Nbd7 12. h3 Bf8 13. Bd3 Bc5 14. Kd2 Bxe3+ 15. Kxe3 Nh5 16. Bc2 1-0

[Event "IECG ST.2006.0.00002 email"]
[Site "IECG email"]
[Date "2006.04.15"]
[Round "?"]
[White "Savchak, Oleg"]
[Black "Chorfi, Khaled"]
[Result "0-1"]
[WhiteElo "2364"]
[BlackElo "2472"]
[PlyCount "64"]
[EventDate "2006.04.15"]
[EventType "tourn (corr)"]
[EventRounds "6"]
[SourceTitle "Corr 2008"]
[Source "ChessBase"]
[SourceDate "2008.06.24"]
[SourceVersion "1"]
[SourceVersionDate "2008.06.24"]
[SourceQuality "1"]

1. e4 c5 2. Nf3 e6 3. d4 cxd4 4. Nxd4 Nf6 5. Nc3 Nc6 6. Ndb5 d6 7. Bf4 e5 8. Bg5 a6 9. Na3 b5 10. Nd5 Be7 11. Bxf6 Bxf6 12. c4 b4 13. Nc2 a5 14. g3 0-0 15. Bg2 Bg5 16. 0-0 Ne7 17. Nxe7+ Qxe7 18. Qd3 Be6 19. b3 Qa7 20. Rad1 Bg4 21. Bf3 Bh3 22. Rfe1 Rad8 23. a3 bxa3 24. Nxa3 Kh8 25. Nb5 Qb6 26. g4 h5 27. Qe2 Bf4 28. Rd5 Rb8 29. Red1 Qd8 30. Nxd6 Qh4 31. Nf5 Qg5 32. Qd3 g6 0-1

[Event "CFriend WC-2008-S-00005"]
[Site "Chessfriend.com"]
[Date "2005.07.17"]
[Round "1"]
[White "Savchak, Oleg"]
[Black "Schindler, Sven"]
[Result "1/2-1/2"]
[WhiteElo "2349"]
[BlackElo "2375"]
[PlyCount "54"]
[EventDate "2005.??.??"]
[EventType "tourn (corr)"]
[EventRounds "6"]
[SourceTitle "Corr 2008"]
[Source "ChessBase"]
[SourceDate "2008.06.24"]
[SourceVersion "1"]
[SourceVersionDate "2008.06.24"]
[SourceQuality "1"]

1. e4 e6 2. d4 d5 3. Nc3 Nf6 4. Bg5 Bb4 5. e5 h6 6. Bd2 Bxc3 7. bxc3 Ne4 8. Qg4 g6 9. Bd3 Nxd2 10. Kxd2 c5 11. h4 Bd7 12. h5 g5 13. f4 Nc6 14. fxg5 Qa5 15. dxc5 Rg8 16. g6 0-0-0 17. Nf3 Be8 18. Rab1 d4 19. Ke2 dxc3 20. Rhd1 Qxc5 21. Rb5 Nd4+ 22. Qxd4 Qxd4 23. Nxd4 Rxd4 24. Rc5+ Kd8 25. Rxc3 fxg6 26. hxg6 Bxg6 27. Ke3 Rd5 1/2-1/2

[Event "IECG WC.2008.S.00005"]
[Site "IECG email"]
[Date "2005.07.17"]
[Round "?"]
[White "Sidenko, Anatoly Viktorovich"]
[Black "Savchak, Oleg"]
[Result "1/2-1/2"]
[WhiteElo "2256"]
[BlackElo "2349"]
[PlyCount "108"]
[EventDate "2005.07.17"]
[EventType "tourn (corr)"]
[EventRounds "6"]
[SourceTitle "Corr 2008"]
[Source "ChessBase"]
[SourceDate "2008.06.24"]
[SourceVersion "1"]
[SourceVersionDate "2008.06.24"]
[SourceQuality "1"]

1. d4 d5 2. a3 e6 3. Bf4 Ne7 4. e3 Ng6 5. Bg3 c5 6. Nf3 Qb6 7. b3 Nc6 8. c3 Be7 9. h4 Bf6 10. h5 Nge7 11. Bd3 0-0 12. Qc2 Nf5 13. Bh2 cxd4 14. cxd4 Bd7 15. 0-0 Rac8 16. Bxf5 exf5 17. Nc3 Na5 18. Rab1 Be6 19. Qd3 Be7 20. Na4 Qd8 21. Nc5 b6 22. Nxe6 fxe6 23. Bf4 g5 24. hxg6 hxg6 25. Rfc1 Rxc1+ 26. Rxc1 g5 27. Be5 Bxa3 28. Rc7 Rf7 29. Rxf7 Kxf7 30. g4 fxg4 31. Nh2 Be7 32. Nxg4 Ke8 33. b4 Nc4 34. Qg6+ Kd7 35. Qf7 Nxe5 36. dxe5 Kc6 37. Qxe6+ Kb5 38. Nh6 Kxb4 39. Nf7 Qc7 40. Nd6 a5 41. Qxd5 Qc5 42. Qe4+ Kc3 43. Nf5 Qc4 44. Qxc4+ Kxc4 45. Nxe7 a4 46. Nf5 a3 47. Nd4 a2 48. Nc2 Kb3 49. Na1+ Kb2 50. e6 Kxa1 51. e7 Kb2 52. e8Q a1Q+ 53. Kg2 Qa5 54. Qe4 b5 1/2-1/2

[Event "IECG WC.2008.S.00005"]
[Site "IECG email"]
[Date "2005.07.17"]
[Round "?"]
[White "Tortosa, Horacio"]
[Black "Savchak, Oleg"]
[Result "0-1"]
[WhiteElo "1786"]
[BlackElo "2349"]
[PlyCount "90"]
[EventDate "2005.07.17"]
[EventType "tourn (corr)"]
[EventRounds "6"]
[SourceTitle "Corr 2008"]
[Source "ChessBase"]
[SourceDate "2008.06.24"]
[SourceVersion "1"]
[SourceVersionDate "2008.06.24"]
[SourceQuality "1"]

1. e4 c5 2. Nf3 e6 3. d4 cxd4 4. Nxd4 Nc6 5. Nc3 Nf6 6. Ndb5 d6 7. Bf4 e5 8. Bg5 a6 9. Na3 b5 10. Bxf6 gxf6 11. Nd5 Bg7 12. c3 f5 13. exf5 Bxf5 14. Nc2 0-0 15. Nce3 Be6 16. Bd3 f5 17. Qh5 e4 18. Bc2 Ne7 19. Rd1 b4 20. cxb4 Nxd5 21. Nxd5 Bxb2 22. 0-0 Be5 23. f3 Rc8 24. Bb3 Kh8 25. Kh1 Qe8 26. Qh6 f4 27. fxe4 Bg4 28. Rd2 Qd8 29. h4 f3 30. Rdf2 Qd7 31. g3 Bh5 32. Rg1 Bg6 33. Nf4 Rf6 34. Qg5 Bxe4 35. Rd1 Bc6 36. Bd5 Rcf8 37. Bxc6 Qxc6 38. Nd3 Bd4 39. Qd2 Qe4 40. Nf4 Bxf2 41. Qxf2 Rxf4 42. gxf4 Rxf4 43. Qb2+ Kg8 44. Rg1+ Kf7 45. Qg7+ Ke8 0-1

[Event "CFriend AR-2004-Q-00004 email"]
[Site "Chessfriend.com"]
[Date "2004.12.27"]
[Round "1"]
[White "Savchak, Oleg"]
[Black "Minchev, Valentin Panoiotov"]
[Result "0-1"]
[WhiteElo "2298"]
[BlackElo "2484"]
[PlyCount "76"]
[EventDate "2004.??.??"]
[EventType "tourn (corr)"]
[EventRounds "12"]
[EventCountry "GER"]
[SourceTitle "Corr 2011"]
[Source "ChessBase"]
[SourceDate "2010.08.31"]
[SourceVersion "1"]
[SourceVersionDate "2010.08.31"]
[SourceQuality "1"]

1. e4 c5 2. Nf3 Nc6 3. Nc3 e5 4. Bc4 Be7 5. d3 d6 6. 0-0 Nf6 7. h3 0-0 8. a3 Nd4 9. Nh2 Be6 10. Nd5 Nxd5 11. exd5 Bd7 12. a4 Bg5 13. Qh5 h6 14. c3 Bxc1 15. Rfxc1 Nf5 16. Nf1 Nh4 17. Ng3 f5 18. Bb5 Bc8 19. a5 Kh7 20. a6 b6 21. Qd1 Qg5 22. Qf1 f4 23. Ne4 Qg6 24. Kh2 f3 25. g3 Ng2 26. h4 Nxh4 27. d4 Bf5 28. dxe5 Qh5 29. g4 Bxg4 30. Ng3 Qxe5 31. Ra4 Qg5 32. Ne4 Qe5+ 33. Ng3 h5 34. Bc6 Rad8 35. Re1 Qg5 36. Ne4 Qh6 37. Qd3 Ng2 38. Rd1 Rf4 0-1

[Event "CFriend AC-2003-S-00001 email"]
[Site "Chessfriend.com"]
[Date "2004.12.01"]
[Round "1"]
[White "Holdschik, Juergen"]
[Black "Savchak, Oleg"]
[Result "1/2-1/2"]
[WhiteElo "2266"]
[BlackElo "2349"]
[PlyCount "43"]
[EventDate "2004.??.??"]
[EventType "tourn (corr)"]
[EventRounds "6"]
[SourceTitle "Corr 2024"]
[Source "ChessBase"]
[SourceDate "2023.10.19"]
[SourceVersion "1"]
[SourceVersionDate "2023.10.19"]
[SourceQuality "1"]

1. e4 e5 2. Bc4 Nf6 3. d3 Bc5 4. Nc3 c6 5. Nf3 b5 6. Bb3 d6 7. Ne2 0-0 8. c3 Bg4 9. Ng3 Nh5 10. Nf5 d5 11. 0-0 Nf4 12. a4 dxe4 13. dxe4 Nd7 14. Bc2 a6 15. b4 Bb6 16. axb5 cxb5 17. Re1 Rc8 18. Ra3 Rc6 19. Bxf4 exf4 20. e5 Bxf3 21. Qxf3 Re6 22. Qh3 1/2-1/2

[Event "CFriend AC-2003-S-00001 email"]
[Site "Chessfriend.com"]
[Date "2004.12.01"]
[Round "1"]
[White "Kordts, Wolfgang"]
[Black "Savchak, Oleg"]
[Result "1-0"]
[WhiteElo "2464"]
[BlackElo "2349"]
[PlyCount "121"]
[EventDate "2004.??.??"]
[EventType "tourn (corr)"]
[EventRounds "6"]
[SourceTitle "Corr 2024"]
[Source "ChessBase"]
[SourceDate "2023.10.19"]
[SourceVersion "1"]
[SourceVersionDate "2023.10.19"]
[SourceQuality "1"]

1. d4 d5 2. c4 c6 3. Nf3 Nf6 4. Nc3 dxc4 5. a4 Bf5 6. Ne5 Nbd7 7. Nxc4 Qc7 8. g3 e5 9. dxe5 Nxe5 10. Bf4 Nfd7 11. Bg2 g5 12. Ne3 gxf4 13. Nxf5 0-0-0 14. Qc2 Nc5 15. 0-0 Ne6 16. Qe4 fxg3 17. hxg3 a5 18. Nb5 cxb5 19. axb5 Nc5 20. Qe3 f6 21. b4 Kb8 22. bxa5 Ng4 23. Qf3 Ne5 24. Qa3 Ncd3 25. Qb3 Nc5 26. Qc2 Qf7 27. a6 Qb3 28. Qc1 Qxb5 29. axb7 Na6 30. Qc2 Bc5 31. Rfb1 Nb4 32. Nd4 Nxc2 33. Nxb5 Nxa1 34. Rxa1 Ba7 35. Rxa7 Rd1+ 36. Kh2 Ng4+ 37. Kh3 Nxf2+ 38. Kh4 Rd4+ 39. Kh5 Ne4 40. Ra8+ Kxb7 41. Rxh8 Rd5+ 42. Kh6 Rxb5 43. Bxe4+ Kc7 44. Rxh7+ Kd6 45. g4 Re5 46. Bd3 Re6 47. Ra7 Re8 48. g5 fxg5 49. Kxg5 Ke5 50. Bg6 Rb8 51. Ra5+ Ke6 52. e4 Rb7 53. Bf5+ Ke7 54. e5 Rc7 55. Rd5 Rc1 56. Rd7+ Ke8 57. e6 Rg1+ 58. Kf6 Rf1 59. Rd5 Rxf5+ 60. Rxf5 Kd8 61. Rc5 1-0

[Event "CFriend AC-2003-S-00001 email"]
[Site "Chessfriend.com"]
[Date "2004.12.01"]
[Round "1"]
[White "Lutzenberger, Reimund"]
[Black "Savchak, Oleg"]
[Result "0-1"]
[WhiteElo "2363"]
[BlackElo "2349"]
[PlyCount "68"]
[EventDate "2004.??.??"]
[EventType "tourn (corr)"]
[EventRounds "6"]
[SourceTitle "Corr 2008"]
[Source "ChessBase"]
[SourceDate "2008.06.24"]
[SourceVersion "1"]
[SourceVersionDate "2008.06.24"]
[SourceQuality "1"]

1. e4 e5 2. Nf3 Nc6 3. Bb5 Nd4 4. Nxd4 exd4 5. 0-0 Bc5 6. d3 c6 7. Ba4 d6 8. f4 f5 9. Bb3 Ne7 10. Nd2 a5 11. a4 h5 12. Qf3 h4 13. Re1 Qc7 14. Bc4 Bd7 15. Nb3 Bb4 16. Re2 Qb6 17. Rb1 0-0-0 18. c3 dxc3+ 19. Be3 c2 20. Rxc2 c5 21. e5 h3 22. g3 Bxa4 23. Ra1 Bc6 24. Qf2 d5 25. Nxa5 dxc4 26. Nxc4 Qb5 27. Bd2 Kb8 28. Nd6 Qxd3 29. Bxb4 Qd5 30. Kf1 Qg2+ 31. Ke1 Qh1+ 32. Qf1 Qxf1+ 33. Kxf1 cxb4 34. Kg1 Rhf8 0-1

[Event "CFriend AC-2003-S-00001 email"]
[Site "Chessfriend.com"]
[Date "2004.12.01"]
[Round "1"]
[White "Savchak, Oleg"]
[Black "Crawley, Anthony L"]
[Result "1-0"]
[WhiteElo "2349"]
[BlackElo "2238"]
[PlyCount "107"]
[EventDate "2004.??.??"]
[EventType "tourn (corr)"]
[EventRounds "6"]
[SourceTitle "Corr 2024"]
[Source "ChessBase"]
[SourceDate "2023.10.19"]
[SourceVersion "1"]
[SourceVersionDate "2023.10.19"]
[SourceQuality "1"]

1. e4 e5 2. Nf3 Nc6 3. Bb5 Nf6 4. 0-0 Nxe4 5. d4 Nd6 6. Bxc6 dxc6 7. dxe5 Nf5 8. Qxd8+ Kxd8 9. Nc3 Bd7 10. h3 Kc8 11. g4 Ne7 12. Ng5 Be8 13. f4 h5 14. f5 Nd5 15. Nxd5 cxd5 16. Kg2 b6 17. Bf4 Kb7 18. Rad1 Bc5 19. Kg3 Rd8 20. Rd2 hxg4 21. hxg4 c6 22. c4 Bb4 23. Rd3 Be7 24. Rfd1 Kc8 25. cxd5 Rxd5 26. Rxd5 cxd5 27. Rxd5 Rh1 28. Nf3 Rf1 29. a3 Bc6 30. Rd3 Be4 31. Re3 Bc6 32. Rc3 Kb7 33. g5 a5 34. f6 gxf6 35. exf6 Bf8 36. Nd4 Rg1+ 37. Kf2 Rg2+ 38. Kf1 Bd5 39. Rc7+ Ka6 40. Rd7 Rg4 41. Rxd5 Rxf4+ 42. Kg2 Bc5 43. Nf3 Be3 44. Kg3 a4 45. Rd7 Rf5 46. Rxf7 Bxg5 47. Nxg5 Rxg5+ 48. Kf4 Rg2 49. Re7 Rxb2 50. Re3 Rf2+ 51. Rf3 Rc2 52. f7 Rc8 53. Ke5 Rf8 54. Ke6 1-0

[Event "CFriend MZ-2004-3-00001 email"]
[Site "Chessfriend.com"]
[Date "2004.08.28"]
[Round "1"]
[White "Bossenbroek, Hendrik Jan"]
[Black "Savchak, Oleg"]
[Result "1/2-1/2"]
[WhiteElo "1977"]
[BlackElo "2349"]
[PlyCount "97"]
[EventDate "2004.??.??"]
[EventType "tourn (corr)"]
[EventRounds "6"]
[SourceTitle "Corr 2024"]
[Source "ChessBase"]
[SourceDate "2023.10.19"]
[SourceVersion "1"]
[SourceVersionDate "2023.10.19"]
[SourceQuality "1"]

1. d4 Nf6 2. c4 d6 3. Nf3 g6 4. Nc3 Bg7 5. e4 0-0 6. Be2 e5 7. Be3 Ng4 8. Bg5 f6 9. Bh4 g5 10. Bg3 Nh6 11. h3 Nc6 12. dxe5 fxe5 13. c5 Nf7 14. cxd6 cxd6 15. Bc4 Nd4 16. 0-0 Be6 17. Nd5 Rc8 18. Nxd4 exd4 19. Bb3 Kh8 20. f4 gxf4 21. Nxf4 Bxb3 22. Qxb3 Ng5 23. Qxb7 Re8 24. Rae1 Qb6 25. Qd7 d3+ 26. Bf2 Qxb2 27. Nxd3 Qxa2 28. e5 Qe6 29. Qxe6 Rxe6 30. Bg3 Rc3 31. Nf4 Rxe5 32. Ne2 Rce3 33. Bxe5 Bxe5 34. Rf5 h6 35. Kf1 Ra3 36. Nf4 Kg7 37. Rb1 a5 38. Rb7+ Kg8 39. Ng6 Ra1+ 40. Ke2 Ne6 41. Ne7+ Kg7 42. Nc6+ Kg6 43. Rbf7 Nd4+ 44. Nxd4 Bxd4 45. Kd3 Be5 46. Rf1 Ra3+ 47. Kc4 Rg3 48. R7f2 a4 49. Rd2 1/2-1/2

[Event "CFriend MZ-2004-3-00001 email"]
[Site "Chessfriend.com"]
[Date "2004.08.28"]
[Round "1"]
[White "Dorer, Manfred"]
[Black "Savchak, Oleg"]
[Result "1/2-1/2"]
[WhiteElo "2113"]
[BlackElo "2349"]
[PlyCount "60"]
[EventDate "2004.??.??"]
[EventType "tourn (corr)"]
[EventRounds "6"]
[SourceTitle "Corr 2024"]
[Source "ChessBase"]
[SourceDate "2023.10.19"]
[SourceVersion "1"]
[SourceVersionDate "2023.10.19"]
[SourceQuality "1"]

1. e4 c5 2. Nf3 Nc6 3. d4 cxd4 4. Nxd4 Nf6 5. Nc3 e5 6. Ndb5 d6 7. Bg5 a6 8. Na3 b5 9. Bxf6 gxf6 10. Nd5 f5 11. c3 Bg7 12. exf5 Bxf5 13. Nc2 Be6 14. Nce3 Ne7 15. g3 Nxd5 16. Nxd5 0-0 17. Bg2 a5 18. 0-0 Rb8 19. Qh5 f5 20. Rad1 b4 21. c4 b3 22. axb3 Rxb3 23. c5 dxc5 24. Nf4 exf4 25. Rxd8 Rxd8 26. Re1 Rb6 27. Bf1 Kh8 28. Qg5 Rdb8 29. Qxf4 Bg8 30. Bc4 Bxc4 1/2-1/2

[Event "CFriend MZ-2004-3-00001 email"]
[Site "Chessfriend.com"]
[Date "2004.08.28"]
[Round "1"]
[White "Savchak, Oleg"]
[Black "Scacco, Mauro"]
[Result "1/2-1/2"]
[WhiteElo "2349"]
[BlackElo "1849"]
[PlyCount "35"]
[EventDate "2004.??.??"]
[EventType "tourn (corr)"]
[EventRounds "6"]
[SourceTitle "Corr 2024"]
[Source "ChessBase"]
[SourceDate "2023.10.19"]
[SourceVersion "1"]
[SourceVersionDate "2023.10.19"]
[SourceQuality "1"]

1. e4 c5 2. Nf3 d6 3. d4 cxd4 4. Nxd4 Nf6 5. Nc3 g6 6. f4 a6 7. Nf3 Bg7 8. a4 Nc6 9. Bd3 Qb6 10. Qe2 0-0 11. Nd1 e5 12. fxe5 dxe5 13. c3 Nh5 14. Be3 Qc7 15. g3 f5 16. exf5 Bxf5 17. Bxf5 Rxf5 18. Nf2 1/2-1/2

[Event "CFriend MZ-2004-3-00001 email"]
[Site "Chessfriend.com"]
[Date "2004.08.28"]
[Round "1"]
[White "Stibal, George"]
[Black "Savchak, Oleg"]
[Result "0-1"]
[WhiteElo "1891"]
[BlackElo "2349"]
[PlyCount "58"]
[EventDate "2004.??.??"]
[EventType "tourn (corr)"]
[EventRounds "6"]
[SourceTitle "Corr 2024"]
[Source "ChessBase"]
[SourceDate "2023.10.19"]
[SourceVersion "1"]
[SourceVersionDate "2023.10.19"]
[SourceQuality "1"]

1. e4 c5 2. Nf3 Nc6 3. d4 cxd4 4. Nxd4 Nf6 5. Nc3 e5 6. Ndb5 d6 7. Bg5 a6 8. Bxf6 gxf6 9. Na3 b5 10. Nd5 f5 11. c3 Bg7 12. exf5 Bxf5 13. Nc2 0-0 14. Nce3 Be6 15. Bd3 f5 16. 0-0 Kh8 17. Bc2 Ne7 18. a4 Rb8 19. a5 Rc8 20. Nb4 f4 21. Ned5 Nxd5 22. Nxd5 f3 23. g3 Rc5 24. Be4 Qa8 25. Nc7 Qxe4 26. Nxe6 Rd5 27. Ng5 Qc4 28. Qe1 e4 29. h4 Rxg5 0-1

[Event "CFriend AK-2004-A-00002 email"]
[Site "Chessfriend.com"]
[Date "2004.08.17"]
[Round "1"]
[White "Savchak, Oleg"]
[Black "Herbst, Bernd"]
[Result "1-0"]
[WhiteElo "2349"]
[BlackElo "2260"]
[PlyCount "81"]
[EventDate "2004.??.??"]
[EventType "tourn (corr)"]
[EventRounds "6"]
[SourceTitle "Corr 2024"]
[Source "ChessBase"]
[SourceDate "2023.10.19"]
[SourceVersion "1"]
[SourceVersionDate "2023.10.19"]
[SourceQuality "1"]

1. e4 e6 2. d4 d5 3. Nc3 Bb4 4. e5 c5 5. a3 Bxc3+ 6. bxc3 Ne7 7. Qg4 cxd4 8. Qxg7 Rg8 9. Qxh7 Nbc6 10. f4 dxc3 11. Nf3 Qc7 12. h4 Bd7 13. Ng5 0-0-0 14. Qd3 Be8 15. Qxc3 d4 16. Qc4 Nd5 17. Bd2 Ne3 18. Bxe3 dxe3 19. Qc3 Qb6 20. Rh3 Kb8 21. Qxe3 Nd4 22. Kf2 Qc7 23. Qc3 Qb6 24. Qb4 Bb5 25. Kg3 Nxc2 26. Qxb5 Qxb5 27. Bxb5 Nxa1 28. h5 a6 29. Be2 Nc2 30. h6 Nd4 31. Bd3 Rdf8 32. h7 Rh8 33. Rh6 Nf5+ 34. Bxf5 exf5 35. Kh4 a5 36. Kh5 b5 37. Rb6+ Ka7 38. Rxb5 f6 39. Kh6 fxg5 40. fxg5 f4 41. g6 1-0

[Event "CFriend AC-2004-Q-00002 email"]
[Site "Chessfriend.com"]
[Date "2004.07.14"]
[Round "1"]
[White "Frignani, Giorgio"]
[Black "Savchak, Oleg"]
[Result "0-1"]
[WhiteElo "1889"]
[BlackElo "2349"]
[PlyCount "76"]
[EventDate "2004.??.??"]
[EventType "tourn (corr)"]
[EventRounds "10"]
[SourceTitle "Corr 2024"]
[Source "ChessBase"]
[SourceDate "2023.10.19"]
[SourceVersion "1"]
[SourceVersionDate "2023.10.19"]
[SourceQuality "1"]

1. c4 Nf6 2. Nf3 g6 3. d4 Bg7 4. g3 0-0 5. Bg2 d6 6. 0-0 c6 7. Nc3 Qa5 8. e4 e5 9. d5 cxd5 10. cxd5 b5 11. Nd2 b4 12. Nb3 Qc7 13. Ne2 Ba6 14. Bg5 Nbd7 15. Rc1 Qb6 16. Rc6 Qb5 17. Re1 Bb7 18. Rxd6 Ne8 19. Rxd7 Qxd7 20. Qd2 f6 21. Be3 a5 22. Nc5 Qe7 23. Ne6 Rf7 24. Bc5 Qd7 25. a3 bxa3 26. Bxa3 Nd6 27. Rc1 Nb5 28. Bc5 f5 29. exf5 gxf5 30. Bb6 a4 31. Qb4 Bf6 32. Nc5 Qe8 33. Nxa4 e4 34. Nf4 Be5 35. Be3 Nd4 36. Nc5 Bxf4 37. Qxd4 Be5 38. Qd2 Rd8 0-1

[Event "CFriend AC-2004-Q-00002 email"]
[Site "Chessfriend.com"]
[Date "2004.07.14"]
[Round "1"]
[White "Savchak, Oleg"]
[Black "Boschek, Hajo"]
[Result "1-0"]
[WhiteElo "2349"]
[BlackElo "2157"]
[PlyCount "65"]
[EventDate "2004.??.??"]
[EventType "tourn (corr)"]
[EventRounds "10"]
[SourceTitle "Corr 2024"]
[Source "ChessBase"]
[SourceDate "2023.10.19"]
[SourceVersion "1"]
[SourceVersionDate "2023.10.19"]
[SourceQuality "1"]

1. e4 e6 2. d4 d5 3. Nc3 Bb4 4. e5 c5 5. a3 Bxc3+ 6. bxc3 Ne7 7. Qg4 0-0 8. Bd3 Nbc6 9. Qh5 Ng6 10. Nf3 Qc7 11. Be3 c4 12. Bxg6 fxg6 13. Qg4 Bd7 14. h4 Rf5 15. Ng1 Raf8 16. Ne2 Be8 17. f3 h5 18. Qg3 Qa5 19. 0-0 Kh7 20. a4 b6 21. Rfb1 R5f7 22. Bc1 Rf5 23. Ba3 R8f7 24. Kh2 Bd7 25. Qe1 Kg8 26. Kg1 Be8 27. Ng3 Rf4 28. Rb5 Qxa4 29. Rbb1 Qxc2 30. Rb2 Nxd4 31. Rxc2 Nxc2 32. Qd1 Nxa1 33. Qxa1 1-0